| 000 | 00945cam a22003131 4500 | ||
|---|---|---|---|
| 001 | 4581 | ||
| 003 | FISKH | ||
| 005 | 20250331074946.0 | ||
| 008 | 780328s1960 nyua j 000 1 eng | ||
| 010 | _a 60005779 | ||
| 040 |
_aDLC _cDLC _dDLC _beng |
||
| 050 | _aPZ7.H672 | ||
| 082 | _a813.54 | ||
| 100 | 1 |
_aHoff, Syd, _d1912-2004. |
|
| 245 | 1 | 0 |
_aOliver; _cstory and pictures by Syd Hoff. |
| 250 | _aThis edition published in 1988 | ||
| 260 |
_aNew York : _bHarper, _c1960 |
||
| 300 |
_a64 pages ; _bcolor illustrations ; _c22 cm |
||
| 490 | 0 | _aAn I can read book | |
| 505 | _aJ | ||
| 520 | _aOliver looks elsewhere for employment after learning that the circus already has enough elephants. | ||
| 521 | 8 |
_a450
_bLexile |
|
| 521 | 8 |
_aJ
_bRaz-Plus |
|
| 650 | 1 |
_aElephants _xFiction. |
|
| 650 | 1 |
_aCircus _xFiction. |
|
| 906 |
_a7 _bcbc _corignew _d1 _eocip _f19 _gy-gencatlg |
||
| 942 |
_2ddc _cBK _n0 |
||
| 999 |
_c4581 _d4581 |
||